| 000 | 00854cam a22001934a 4500 | ||
|---|---|---|---|
| 005 | 20250605163939.0 | ||
| 008 | 250528s ||||||||||||||||||||||||d | ||
| 035 | _a14954 | ||
| 020 | _a273612719 | ||
| 040 |
_aGR-AtMCL _bgre _dGR-AtMCL _eAACR2 |
||
| 245 | 1 | _aPersonal Computing for Business | |
| 260 |
_bFinancial Times - Pitman Publishing, _c1995 |
||
| 300 | _a310 | ||
| 520 | _aThis book provides crystal clear guidance on how PCs can be used effectivelly as personal productivity tools for those information-handling tasks fundamental to business practice. Preface, Theoretical Principles, Document Production, Business Graphics, Data Management, Practical Guidelines, Getting Started with PCs, Reference Section, Selecting a Personal Computer System, Index. | ||
| 700 | 1 |
_aKnight Jane _9768 |
|
| 942 | _cBK | ||
| 999 |
_c563 _d563 |
||